Star Wars: Episode V – The Empire Strikes Back - Statistics

General Stats
  • This quiz has been taken 1,088 times
  • The average score is 19 of 25
Answer Stats
Hint Answer % Correct
Ice covered planet Hoth
97%
The person Luke must find there Yoda
95%
Luke's body part cut off by Darth Vader His right hand
94%
Complete the quotes: “No. I am your {father}.”
94%
Darth Vader's master The Emperor
93%
Bounty hunter who finds Solo's trail Boba Fett
92%
What this person lifts from the swamps using the Force Luke's X-Wing
92%
The one who tells Luke to go there Obi-Wan Kenobi
92%
Han Solo's friend who runs this colony Lando Calrissian
90%
Tibanna gas mining colony {Cloud} City
88%
Complete the quotes: “Do. Or do not. There is no {try}.”
87%
Han's response to Leia “I love you” “I know”
87%
Huge 4-legged Imperial combat walkers AT-AT
86%
The swamp planet Luke goes to Dagobah
86%
Substance in which Solo is frozen Carbonite
85%
Complete the quotes: “Never tell me the {odds}!”
84%
"Snow lizard" Luke rides on this planet Tauntaun
75%
Giant planet where this city is located Bespin
64%
Big furry creature that attacks Luke Wampa
57%
Damaged part of Han's ship that prevents him from reaching lightspeed Hyperdrive
55%
Complete the quotes: “{Apology} accepted, Captain Needa.”
44%
Name of the rebel base on this planet Echo Base
40%
Creature into whose mouth this ship lands Space slug
38%
Squadron led by Luke against these walkers Rogue Squadron
34%
Winged creatures that chew power cables Mynocks
25%
No matching quizzes found
Score Distribution
Percent of People with Each Score
Percentile by Number Answered
Your Score History
You have not taken this quiz